Aprendiendo los colores. (Registro nro. 12017)
[ vista simple ]
| 000 -LIDER | |
|---|---|
| fixed length control field | 00553nam a22002057a 4500 |
| 001 - NÚMERO DE CONTROL | |
| Identificador de número de control | 000723 |
| 003 - IDENTIFICACDOR DE NÚMERO DE CONTROL | |
| control field | DO-SdBNP |
| 005 - DATE AND TIME OF LATEST TRANSACTION | |
| control field | 20180315115225.0 |
| 007 - CAMPOS FIJOS DE DESCRIPCIÓN FÍSICA | |
| fixed length control field | 000723 |
| 008 - ELEMENTOS DE LONGITUD FIJA | |
| fixed length control field | 161121b 2004 cc a ||||| |||| 00| 0 spa d |
| 020 ## - ISBN | |
| International Standard Book Number | 9972625869 |
| 040 ## - FUENTE DE CATALOGACIÓN | |
| Agencia que crea de manera original el registro | BPMSU |
| Idioma de catalogación | spa |
| Agencia que realiza la transcripción | BPMSU |
| 082 ## - NÚMERO DE CLASIFICACIÓN DECIMAL DE DEWEY | |
| Classification number | xxxx |
| Item number | xxxx |
| 245 10 - MENCIÓN DE TITULO | |
| Título | Aprendiendo los colores. |
| 260 ## - PUBLICACIÓN, DISTRIBUCIÓN, ETC. (PIE DE IMPRENTA) | |
| Lugar de publicación, distribución, etc | China : |
| Nombre del editor, distribuidor, etc. | Lexus; |
| Fecha de publicación, distribución, etc | [2004]. |
| 300 ## - DESCRIPCIÓN FÍSICA | |
| Extensión | [12] p. : |
| Otros detalles físicos | il. ; |
| Dimensiones | 15 cm. |
| 942 ## - ADDED ENTRY ELEMENTS (KOHA) | |
| Source of classification or shelving scheme | Dewey Decimal Classification |
| Koha item type | Libros |
| 945 ## - INFORMACIÓN DE PROCESAMIENTO LOCAL | |
| Información de procesamiento local | inventariado infantil extranjero / 2018 VM |
| 956 ## - LOCAL ELECTRONIC LOCATION AND ACCESS (OCLC) | |
| Método de acceso | LOPEREZ |
| Materiales especificados | 10 |
| Enlace | 20161121 |
| Campo enlazado y núm. de secuencia | BPMSU |
| Nombre de host | 00041 |
| Withdrawn status | Lost status | Source of classification or shelving scheme | Damaged status | Not for loan | Collection code | Home library | Current library | Date acquired | Source of acquisition | Total Checkouts | Full call number | Barcode | Date last seen | Price effective from | Koha item type |
|---|---|---|---|---|---|---|---|---|---|---|---|---|---|---|---|
| Dewey Decimal Classification | Colección Infantil Dominicana | Biblioteca Pública Metropolitana Salomé Ureña | Biblioteca Pública Metropolitana Salomé Ureña | 11/21/2016 | Donación | xxxx xxxx | BPMSU16111449 | 11/21/2016 | 11/21/2016 | Libros |